000
00265nam a2200109Ia 4500
008
200302s9999 xx 000 0 und d
100
_a
John Spier
245
_a
Building With Engineered Lumber
260
_b
The taunton press, Newtown
260
_c
2006
300
_a
119
999
_c
4601
_d
4601